<?xml version="1.0" encoding="UTF-8"?>
<record
    xmlns:xsi="http://www.w3.org/2001/XMLSchema-instance"
    xsi:schemaLocation="http://www.loc.gov/MARC21/slim http://www.loc.gov/standards/marcxml/schema/MARC21slim.xsd"
    xmlns="http://www.loc.gov/MARC21/slim">

  <leader>01988nam a2200241 a 4500</leader>
  <controlfield tag="003">KPN</controlfield>
  <controlfield tag="005">20260429095619.0</controlfield>
  <controlfield tag="008">20260429b  00|  0  my d</controlfield>
  <datafield tag="020" ind1=" " ind2=" ">
    <subfield code="a">9789671040454</subfield>
    <subfield code="c">RM16.00</subfield>
    <subfield code="q">paperback</subfield>
  </datafield>
  <datafield tag="040" ind1=" " ind2=" ">
    <subfield code="c">KPN</subfield>
  </datafield>
  <datafield tag="082" ind1="0" ind2="4">
    <subfield code="a">BM FK AIN 2011</subfield>
    <subfield code="2">23</subfield>
  </datafield>
  <datafield tag="090" ind1="0" ind2="0">
    <subfield code="a">BM FK AIN 2011</subfield>
    <subfield code="b">AIN</subfield>
  </datafield>
  <datafield tag="100" ind1="0" ind2=" ">
    <subfield code="a">Ain Maisarah,</subfield>
    <subfield code="d">1982-</subfield>
  </datafield>
  <datafield tag="245" ind1="1" ind2="0">
    <subfield code="a">Aku mahu lawan hantu /</subfield>
    <subfield code="c">Ain Maisarah, Hanna Johan</subfield>
  </datafield>
  <datafield tag="260" ind1=" " ind2=" ">
    <subfield code="a">Batu Caves, Selangor :</subfield>
    <subfield code="b">Blink Book,</subfield>
    <subfield code="c">2011</subfield>
  </datafield>
  <datafield tag="300" ind1=" " ind2=" ">
    <subfield code="a">211 pages, 13 unnumbered pages; </subfield>
    <subfield code="b">illustrations;</subfield>
    <subfield code="c">20cm.</subfield>
  </datafield>
  <datafield tag="490" ind1="1" ind2=" ">
    <subfield code="a">Aku mahu</subfield>
  </datafield>
  <datafield tag="521" ind1=" " ind2=" ">
    <subfield code="a">Kelepasan daripada belajar di sekolah selama seminggu memang suatu berita yang menyeronokkan! Namun, The Wannababes menerima berita ini dengan rasa was-was dan sangsi. Selama seminggu itu mereka terpaksa menghadiri kem pasukan sorak di Universiti Selatan Malaysia. Sebuah universiti yang letaknya di ceruk hutan. Mereka akur dengan mengikuti kem itu kerana tidak mahu dilucutkan jawatan. Pelbagai perkara aneh berlaku sejak awal perjalanan dimulakan. Kisah gelanggang misteri. Segalanya terlerai seketika kerana The Wannababes gembira diberikan sebuah rumah tamu yang besar seperti banglo sebagai tempat tinggal selama seminggu itu. Kegembiraan itu tiba-tiba dirampas apabila datangnya sebuah tim debat dari Sekolah Menengah Kebangsaan Agama Siput Sedut yang akan berkongsi rumah dengan mereka. Pelbagai aksi buli-membuli dilakukan The Wannababes kerana mahu menyerlahkan kekuasaan mereka. Tim debat cuba bersabar. Suatu hari The Wannababes beria-ia mahu berbaik dengan tim debat kerana tidak tahan diganggu semula perkara-perkara aneh dan menyeramkan. Kesempatan diambil daripada tim debat kerana mereka arif tentang menghalau makhluk halus. The Wannababes diminta mengamalkan perkara-perkara yang tertulis dalam senarai yang disediakan oleh pasukan debat untuk mengelakkan gangguan makhluk halus yang sering mengganggu.</subfield>
  </datafield>
  <datafield tag="650" ind1="1" ind2="0">
    <subfield code="a">Malay fiction</subfield>
  </datafield>
  <datafield tag="700" ind1="0" ind2=" ">
    <subfield code="a">Hanna Johan,</subfield>
    <subfield code="d">1987-</subfield>
  </datafield>
  <datafield tag="830" ind1=" " ind2="0">
    <subfield code="a">Aku mahu</subfield>
  </datafield>
  <datafield tag="942" ind1=" " ind2=" ">
    <subfield code="2">ddc</subfield>
    <subfield code="c">1</subfield>
    <subfield code="n">0</subfield>
  </datafield>
  <datafield tag="999" ind1=" " ind2=" ">
    <subfield code="c">1840</subfield>
    <subfield code="d">1840</subfield>
  </datafield>
  <datafield tag="952" ind1=" " ind2=" ">
    <subfield code="0">0</subfield>
    <subfield code="1">0</subfield>
    <subfield code="2">ddc</subfield>
    <subfield code="4">0</subfield>
    <subfield code="7">0</subfield>
    <subfield code="8">F</subfield>
    <subfield code="a">KPN</subfield>
    <subfield code="b">KPN</subfield>
    <subfield code="c">FICK</subfield>
    <subfield code="d">2026-04-29</subfield>
    <subfield code="l">0</subfield>
    <subfield code="o">BM FK AIN 2011</subfield>
    <subfield code="p">KPN26040073</subfield>
    <subfield code="r">2026-04-29</subfield>
    <subfield code="w">2026-04-29</subfield>
    <subfield code="y">1</subfield>
  </datafield>
</record>
